000 00566nam a2200181Ia 4500
008 090124s9999 xx 000 0 und d
082 _b3745
100 _aकाणेकर अनंत
245 _a निशिकांतची नवरी
250 _a0
260 _bरा.ज.देशमुख
_c1948
300 _a64
600 _aकाणेकर अनंत
630 _a निशिकांतची नवरी
700 _aकाणेकर अनंत
730 _a निशिकांतची नवरी
942 _cBOOK
999 _c83383
_d83383